History Quiz

Random History or War Quiz
Score 0/12 Timer 04:00
0 Plays Today
% Correct
Formula 1 racing hovecraft
70.8%
RNLI hovecraft lifeboat
68.5%
Zubr-class LCAC
67.4%
Landing Craft Air Cushion
64%
Aist-class LCAC
53.9%
Saunders-Roe SR.N2
53.9%
Griffon 2400TD
48.3%
Saunders-Roe SR.N1
48.3%
Saunders-Roe SR.N4
47.2%
Saunders-Roe SR.N5
46.1%
SNCF N500 Naviplane
38.2%
Tuuli
33.7%

You're not logged in!

Compare scores with friends on all Sporcle quizzes.
OR
Log In

Sporcle TV

Today on Sporcle TV


Watch our educational content, quiz creation guides, and fun videos on Sporcle TV.

Show Comments

Extras

Top Quizzes Today


Score Distribution

Paid Content

Your Account Isn't Verified!

In order to create a playlist on Sporcle, you need to verify the email address you used during registration. Go to your Sporcle Settings to finish the process.

Report this User

Report this user for behavior that violates our Community Guidelines.

Details: